| Tag |
First Indicator |
Second Indicator |
Subfields |
| LEADER |
00000cam a2200000 a 4500 |
| 001 |
in00000014639 |
| 005 |
20151007052247.0 |
| 008 |
871117s1987 fr b i00000 eng d |
| 020 |
|
|
|a 9282111199 (pbk.)
|
| 035 |
|
|
|a (OCoLC)16992826
|
| 035 |
|
|
|9 AAA7012AM
|
| 040 |
|
|
|a TXA
|c TXA
|d TOL
|d TXA
|d UtOrBLW
|
| 049 |
|
|
|a TXAM
|c [A12569562]
|
| 050 |
|
4 |
|a HV1568.6
|b .T72 1987
|
| 245 |
0 |
0 |
|a Transport for disabled people :
|b international coordination and standardisation of measures and policies to promote mobility.
|
| 264 |
|
1 |
|a [Paris? France] :
|b ECMT ;
|c 1987.
|
| 264 |
|
2 |
|a [Washington, D.C.] :
|b [OECD Publications and Information Centre, distributor],
|
| 300 |
|
|
|a 122 pages ;
|c 27 cm.
|
| 336 |
|
|
|a text
|b txt
|2 rdacontent
|
| 337 |
|
|
|a unmediated
|b n
|2 rdamedia
|
| 338 |
|
|
|a volume
|b nc
|2 rdacarrier
|
| 504 |
|
|
|a Includes bibliographical references.
|
| 500 |
|
|
|a At head of title: European Conference of Ministers of Transport.
|
| 500 |
|
|
|a Published in French under the title: Transport des personnes à mobilité réduite : coordination et normalisation internationales de mesures et de politiques de promotion de la mobilité.
|
| 650 |
|
0 |
|a People with disabilities
|x Transportation.
|
| 710 |
2 |
|
|a European Conference of Ministers of Transport.
|
| 999 |
|
|
|a MARS
|
| 999 |
f |
f |
|s c226a942-e41b-3191-9859-37158dd327eb
|i c24515b1-984d-39d3-9c82-f2becc4925c2
|t 0
|
| 952 |
f |
f |
|p ric
|a Texas A&M University
|b Rellis Campus
|c Joint Library Facility
|d Remote Storage
|t 0
|e HV1568.6 .T72 1987
|h Library of Congress classification
|i unmediated -- volume
|m A14812569562
|
| 998 |
f |
f |
|a HV1568.6 .T72 1987
|t 0
|l Remote Storage
|